| 000 | 00921nam0a22002411 4500 | ||
|---|---|---|---|
| 001 | rc\560683 | ||
| 005 | 20030616170505.3 | ||
| 035 | _a(NLR Aleph) 005795745 | ||
| 090 |
_a5244061 _c5244061 |
||
| 100 | _a20030616d1988 u |0rusy50 ca | ||
| 101 | 0 | _arus | |
| 102 | _aRU | ||
| 105 | _ay ||||||||| | ||
| 200 | 1 |
_aРазвитие методов расчета и создание машин для укладывания в тару-оборудование фасонных пищевых продуктов _eАвореф. дис. на соиск. учен. степ. к. т. н. _fКиев. ин-т пищ. пром-сти |
|
| 210 |
_aКиев _cБ. и. _d1988 |
||
| 215 | _a26 с. | ||
| 320 | _aБиблиогр.: с. 24-26 | ||
| 700 | 1 |
_aКовалев _bА. И. _gАлександр Иванович |
|
| 801 | 0 |
_aRU _bNLR _gpsbo |
|
| 801 | 1 |
_aRU _bELAR _2rusmarc |
|
| 852 |
_aNLR _j90-4/12870 |
||
| 942 | _cBOOK | ||
| 980 | _aNB | ||